| 000 | 00690nam a22002055i 4500 | ||
|---|---|---|---|
| 001 | 162178 | ||
| 003 | ES-MaACL | ||
| 005 | 20230906212439.0 | ||
| 008 | 990702s1883 sp |||| | spa d | ||
| 040 |
_aCCPB | B _bspa _cCCPB | B |
||
| 100 | 1 |
_aPiñeyro, Enrique. _992287 |
|
| 245 | 1 | 0 |
_aPoetas famosos del siglo XIX _b: sus vidas y sus obras / _cpor Enrique Piñeyro. |
| 260 |
_aMadrid : _bLibrería Gutenberg, _c1883 ( _eParis : _fImprenta A. Lahure) |
||
| 300 |
_a[8], 366 p. ; _c23 cm. |
||
| 650 | 4 |
_aPoetas- _vBiografías- _yS. \RXIX\R. _9234144 |
|
| 752 |
_aEspaña - _dMadrid |
||
| 752 |
_aFrancia - _dParís |
||
| 852 |
_aES-MaACL _jG-7533 _z-- Enc. hol. |
||
| 999 |
_c162178 _d162178 |
||